| 000 | 00537nam a2200169 a 4500 | ||
|---|---|---|---|
| 001 | 000023116 | ||
| 005 | 20200930022010.0 | ||
| 008 | 101126s1900 sp ac r 001 0 spa d | ||
| 040 |
_aDO-SdBNP _bspa _cBNPHU |
||
| 082 |
_a950 _bG934n |
||
| 100 | 1 |
_aGuerra, Manuel María _947586 |
|
| 245 | 1 | 0 |
_aNarraciones de viajes por Asia y los archipiélagos oceánicos / _cManuel María Guerra. |
| 260 |
_aMadrid : _bSaturnino Calleja, _c1900. |
||
| 300 |
_a316 p. : _bil. ; _c23 cm. |
||
| 651 | 4 |
_aAsia _xDescripciones Y Viajes _931990 |
|
| 049 | _aBNGR | ||
| 999 |
_c22613 _d22613 |
||